00825nam a2200193 a 4500008004100000020001800041050002200059110001500081245012100096260003900217300001700256350000900273490002900282650003600311650003200347995009900379999001700478952013600495080829s2008 ||||||||||||||||| || u a9780821374580 aIBRD(06)CS/2008/1 aWorld Bank10aSchool and work in the eastern caribbean: does the education system adequately prapare youth for the global economy? aWashington, D.C.bWorld Bankc2008 a10, 76p. ill a0.00 aWorld Bank Country Study aMANPOWER POLICY--CARIBBEAN AREA aEDUCATION -- CARIBBEAN AREA D0.00FCBU-MAIN LIBRARY (Kitwe)H1I0.00M1UAVAILABLEWSep 2, 2008ZInternational Publications c57051d57051 00102lcc4070a001b001cInternational Publicationsd2022-11-30l0oIBRD(06)CS/2008/1p0780821374580r2022-11-30w2022-11-30y002